Strzelcy bramek w 30 kolejce Ekstraklasy w sezonie 20/21. - Statystyki

Ogólne statystyki
  • Ten quiz został rozwiązany 16 razy
  • Średni wynik to 10 z 22
Statystyki odpowiedzi
Mecz Piłkarz % Poprawnych
Legia Warszawa - Podbeskidzie 1:0 Lopes
73%
Cracovia - Warta Poznań 0:1 Baku
67%
Śląsk Wrocław - Stal Mielec 1:0 Mączyński
67%
Lech Poznań - Górnik Zabrze 1:1 Nowak
60%
Lech Poznań - Górnik Zabrze 1:0 Ramirez
60%
Piast Gliwice - Wisła Kraków 1:1 Świerczok
60%
Pogoń Szczecin - Raków Częstochowa 0:2 Lopez
53%
Piast Gliwice - Wisła Kraków 1:3 Starzyński
53%
Jagiellonia Białystok - Lechia Gdańsk 1:0 Puljic
47%
Piast Gliwice - Wisła Kraków 1:2 Savic
47%
Pogoń Szczecin - Raków Częstochowa 1:3 Arak
40%
Jagiellonia Białystok - Lechia Gdańsk 1:1 Fila
40%
Pogoń Szczecin - Raków Częstochowa 1:2 Frączczak
40%
Śląsk Wrocław - Stal Mielec 1:1 Jankowski
40%
Wisła Płock - Zagłębie Lubin 2:0 Wolski
40%
Piast Gliwice - Wisła Kraków 2:3 Alves
27%
Pogoń Szczecin - Raków Częstochowa 0:1 Arsenic
27%
Piast Gliwice - Wisła Kraków 0:1 Gruszkowski
27%
Wisła Płock - Zagłębie Lubin 3:0 Kocyła
27%
Jagiellonia Białystok - Lechia Gdańsk 2:1 Prikryl
27%
Wisła Płock - Zagłębie Lubin 1:0 Tuszyński
20%
Wisła Płock - Zagłębie Lubin 4:0 Uryga
20%
Nie znaleziono quizów pasujących do podanych kryteriów
Rozkład punktacji
Procent ludzi z każdym wynikiem
Percentyl według liczby udzielonych odpowiedzi
Twoja historia wyników
Nie rozwiązałeś tego quizu